000 00812nam a2200229Ii 4500
003 JO-AjNU
008 230605s9999||||xx |||||||||||||| ||und||
017 _a2004/10/2637
020 _a9957-05-115-6
040 _aJO-AjNU
_bara
_erda
_cJO-AjNU
041 _aara
050 1 4 _aPJ7846 2005
100 3 _aتأليف محمود،معروف رفيق,
_eauthor
_910120
245 0 0 _aألغاز ومسابقاتى إذاعية: أذيعت من إذاعة قطر بمناسبات رمضانية مباركة
250 _aط1
264 3 1 _aعمان:دار الضياء للنشر والتوزيع،2005
300 _a132ص
336 _atext
_btxt
_2rdacontent
337 _aunmediated
_bn
_2rdamedia
338 _avolume
_bnc
_2rdacarrier
650 4 _aألغاز - مسابقات - الشعر العربي
_910121
999 _aA1646
_c5214
_d5214